000 00655cam a22002173a 4500
001 40327
003 PGUSA
005 20140828083912.0
008 120725s2012||||xxu|||||s|||||000 | eng d
040 _aPGUSA
_beng
042 _adc
100 1 _aReichhardt, Rudolf
245 1 0 _aRübezahl :
_bDeutsche Volksmärchen vom Berggeist und Herrn des Riesengebirges
_h[electronic resource] /
_cRudolf Reichhardt
260 _bProject Gutenberg,
_c2012
506 _aPublic domain in the USA.
516 _aElectronic text
700 1 _aSiegert, Eugen
830 0 _aProject Gutenberg
_v40327
856 4 0 _uhttp://www.gutenberg.org/ebooks/40327
942 _cEB
999 _c269580
_d269580